000 00384nam a22001457a 4500
005 20200621154750.0
008 200621b xxu||||| |||| 00| 0 eng d
082 _a345.4AIR
110 _aALL INDIA REPORTER
_96273
245 _aALL INDIA REPORTER 1969 V-56 PUNJAB AND HARYANA
260 _aMUMBAI
_bALL INDIA REPORTER Pvt.Ltd.
_c1969
300 _a64p
490 _aLAW
942 _cBK
999 _c7389
_d7387